000 00680nam a2200241Ia 4500
003 OSt
005 20221005125037.0
006 a|||||r|||| 00| 0
007 ta
008 221004b |||||||| |||| 00| 0 eng d
024 _a32893
037 _cTextual
040 _aCRL
_cCRL
_beng
041 _2eng
_aeng
082 _aN14, K5
100 _aSpeiser Werner
_951598
245 0 _aOriental architecture in colour
_b Islamic, Indian, Far Eastern tr from German by Charles W E Kessler
260 _c1965
500 _aPublished previously as Baukunst des ostens.
650 _aARTS
942 _hN14, K5
_cTEXL
_2cc
999 _c1052513
_d1052513